[Event "Mersin op-B 7th"]
[Site "Mersin"]
[Date "2023.11.17"]
[Round "8"]
[White "Deniz, Mahir"]
[Black "Sokani, Fahed"]
[Result "0-1"]
[WhiteElo "1849"]
[BlackElo "1676"]
[PlyCount "113"]
[EventDate "2023.11.12"]
[EventType "swiss"]
[EventRounds "9"]
[EventCountry "TUR"]
[SourceTitle "CB49_2023"]
[SourceDate "2023.12.06"]
[SourceVersion "1"]
[SourceVersionDate "2023.12.06"]
[SourceQuality "1"]

1. d4 d6 2. c4 Nf6 3. Nf3 Nbd7 4. Bf4 c5 5. e3 Qb6 6. Qc2 Nh5 7. Bg3 cxd4 8. exd4 Nxg3 9. hxg3 Nf6 10. Nc3 g6 11. Bd3 Bg7 12. 0-0 0-0 13. Rab1 Bg4 14. Ne2 Rac8 15. b4 Qc7 16. Qd2 e5 17. Nh2 Be6 18. dxe5 dxe5 19. c5 Rfd8 20. Qc2 e4 21. Bc4 Bf5 22. Qb3 e3 23. Rbd1 exf2+ 24. Rxf2 Rxd1+ 25. Qxd1 Ne4 26. Rf3 Rd8 27. Rd3 Rxd3 28. Bxd3 Bh6 29. Nf1 Qd7 30. Bc2 Qxd1 31. Bxd1 Be6 32. Bc2 Nd2 33. Nxd2 Bxd2 34. a3 a5 35. Be4 axb4 36. axb4 Bxb4 37. Bxb7 Bxc5+ 38. Kf1 Kg7 39. Bf3 h5 40. Nf4 Bc4+ 41. Be2 Bxe2+ 42. Nxe2 Kh6 43. Nc3 Bd4 44. Nb5 Be5 45. Kf2 Kg5 46. Kf3 Kf5 47. Na3 g5 48. Nc4 g4+ 49. Kf2 Ke4 50. Nd2+ Kd3 51. Nb3 Bd4+ 52. Kf1 Bb6 53. Nc1+ Ke3 54. Nb3 Bd4 55. Nc1 Be5 56. Ne2 Bd6 57. Ke1 0-1

[Event "Mersin op-B 7th"]
[Site "Mersin"]
[Date "2023.11.14"]
[Round "4"]
[White "Dirikolu, Deniz"]
[Black "Deniz, Mahir"]
[Result "1/2-1/2"]
[WhiteElo "1801"]
[BlackElo "1849"]
[PlyCount "119"]
[EventDate "2023.11.12"]
[EventType "swiss"]
[EventRounds "9"]
[EventCountry "TUR"]
[SourceTitle "CB49_2023"]
[SourceDate "2023.12.06"]
[SourceVersion "1"]
[SourceVersionDate "2023.12.06"]
[SourceQuality "1"]

1. e4 e6 2. d4 d5 3. Nc3 dxe4 4. Nxe4 Nd7 5. Nf3 Ngf6 6. Nxf6+ Nxf6 7. g3 b6 8. Bb5+ Bd7 9. a4 a6 10. Be2 Bc6 11. 0-0 Bb7 12. Ne5 c5 13. Bf3 Bxf3 14. Qxf3 Qd5 15. c4 Qxf3 16. Nxf3 Bd6 17. b3 cxd4 18. Nxd4 Bc5 19. Bb2 Rc8 20. a5 Ra8 21. Nc2 bxa5 22. Rxa5 Bb6 23. Rg5 Ne4 24. Rxg7 Nd2 25. Rd1 Nxb3 26. Rg5 Rf8 27. Ba3 Rh8 28. Bb4 Rd8 29. Rb1 Nd4 30. Nxd4 Bxd4 31. Ra5 Ra8 32. Ba3 h5 33. Rb7 Rh7 34. Re7+ Kd8 35. Rg5 Rh8 36. Rxf7 h4 37. gxh4 Rc8 38. c5 Rc7 39. Rf4 e5 40. Rf6 a5 41. Ra6 Rf8 42. Rg2 Rcf7 43. Ra8+ Kc7 44. Ra7+ Kc6 45. Rxf7 Rxf7 46. h5 Rf3 47. Bc1 Rd3 48. Rg6+ Kxc5 49. Be3 Bxe3 50. fxe3 Rxe3 51. Kg2 Rd3 52. h6 Rd8 53. Kf3 a4 54. h7 Rh8 55. Rg7 a3 56. Ra7 Kb4 57. Ke4 Kb3 58. Kxe5 a2 59. Rb7+ Kc2 60. Ra7 1/2-1/2

[Event "Mersin op 5th"]
[Site "Mersin"]
[Date "2021.11.18"]
[Round "5"]
[White "Deniz, Mahir"]
[Black "Atis, Hasan"]
[Result "1-0"]
[WhiteElo "1909"]
[BlackElo "1644"]
[PlyCount "93"]
[EventDate "2021.11.16"]
[EventType "swiss"]
[EventRounds "9"]
[EventCountry "TUR"]
[SourceTitle "EXT 2023"]
[Source "ChessBase"]
[SourceDate "2022.10.05"]
[SourceVersion "1"]
[SourceVersionDate "2022.10.05"]
[SourceQuality "1"]

1. d4 Nf6 2. c4 e6 3. Nc3 Bb4 4. Qb3 Bxc3+ 5. Qxc3 0-0 6. Nf3 b6 7. Bg5 Bb7 8. e3 d6 9. Be2 Nbd7 10. 0-0 c5 11. Bf4 cxd4 12. exd4 d5 13. c5 bxc5 14. dxc5 Ne4 15. Qc2 Ndxc5 16. b4 Nd7 17. Qb3 Qf6 18. Bg3 Rfc8 19. Rac1 Nxg3 20. hxg3 Qd8 21. a4 Rc7 22. Qe3 a6 23. Ng5 e5 24. Rxc7 Qxc7 25. Rc1 Qd6 26. b5 h6 27. Nf3 d4 28. Qd2 Rd8 29. Qa5 Nc5 30. Rxc5 e4 31. Nd2 d3 32. Bg4 Qd4 33. Rc4 Qd5 34. Rxe4 Ra8 35. Bf3 Qd7 36. Re3 Bxf3 37. gxf3 h5 38. Qb4 h4 39. Qxh4 axb5 40. Qe4 Rd8 41. axb5 Qxb5 42. Kg2 Qd7 43. Qc4 Qf5 44. Qc6 Qa5 45. Re8+ Rxe8 46. Qxe8+ Kh7 47. Qe4+ 1-0

[Event "Mersin op 5th"]
[Site "Mersin"]
[Date "2021.11.17"]
[Round "2"]
[White "Coban, Ege"]
[Black "Deniz, Mahir"]
[Result "0-1"]
[WhiteElo "1384"]
[BlackElo "1909"]
[PlyCount "70"]
[EventDate "2021.11.16"]
[EventType "swiss"]
[EventRounds "9"]
[EventCountry "TUR"]
[SourceTitle "EXT 2023"]
[Source "ChessBase"]
[SourceDate "2022.10.05"]
[SourceVersion "1"]
[SourceVersionDate "2022.10.05"]
[SourceQuality "1"]

1. e4 e6 2. d4 d5 3. Nd2 dxe4 4. Nxe4 Nd7 5. Nf3 Ngf6 6. Nxf6+ Nxf6 7. Bd3 c5 8. dxc5 Bxc5 9. Qe2 Qc7 10. Bd2 a6 11. 0-0-0 b5 12. Bc3 Bb7 13. Qd2 Be7 14. Nd4 0-0 15. Rhg1 Ne4 16. Bxe4 Bxe4 17. Nb3 Rfd8 18. Qe3 Bg6 19. Rd2 Rxd2 20. Qxd2 Rd8 21. Qe2 Rc8 22. Na1 Qxh2 23. Rd1 Qxg2 24. Qe3 Qb7 25. Qe5 Bf6 26. Qd6 h5 27. Bxf6 gxf6 28. Rg1 Qe4 29. Qd2 Kg7 30. Re1 Qf5 31. Re2 Rc5 32. Nb3 Rd5 33. Nd4 Qg4 34. c3 e5 35. Nf5+ Bxf5 0-1

[Event "Hatay op 7th"]
[Site "Hatay"]
[Date "2016.09.02"]
[Round "9"]
[White "Deniz, Mahir"]
[Black "Zeynalov, Rashad"]
[Result "0-1"]
[WhiteElo "1964"]
[BlackElo "2187"]
[PlyCount "32"]
[EventDate "2016.08.27"]
[EventType "swiss"]
[EventRounds "9"]
[EventCountry "TUR"]
[SourceTitle "CBM 174 Extra"]
[Source "ChessBase"]
[SourceDate "2016.10.10"]
[SourceVersion "1"]
[SourceVersionDate "2016.10.10"]
[SourceQuality "1"]

1. d4 Nf6 2. Nf3 g6 3. b3 Bg7 4. Bb2 c5 5. c4 Ne4 6. e3 Qa5+ 7. Nbd2 Nc6 8. Bd3 Nxd2 9. Qxd2 Qxd2+ 10. Kxd2 d6 11. h3 f5 12. a3 0-0 13. Rab1 e5 14. dxe5 dxe5 15. Be2 e4 16. Bxg7 Rd8+ 0-1

[Event "Hatay op 7th"]
[Site "Hatay"]
[Date "2016.08.28"]
[Round "3"]
[White "Deniz, Mahir"]
[Black "Kadrash, H."]
[Result "1-0"]
[WhiteElo "1964"]
[BlackElo "2111"]
[PlyCount "61"]
[EventDate "2016.08.27"]
[EventType "swiss"]
[EventRounds "9"]
[EventCountry "TUR"]
[SourceTitle "CBM 174 Extra"]
[Source "ChessBase"]
[SourceDate "2016.10.10"]
[SourceVersion "1"]
[SourceVersionDate "2016.10.10"]
[SourceQuality "1"]

1. d4 f5 2. c4 Nf6 3. Nc3 e6 4. Nf3 d5 5. Bf4 Bd6 6. Bxd6 Qxd6 7. e3 Nbd7 8. Bd3 Ne4 9. 0-0 c6 10. Qc2 0-0 11. Rad1 b6 12. Ne1 g6 13. f3 Nef6 14. a3 Bb7 15. b4 c5 16. Qb3 cxb4 17. axb4 dxc4 18. Bxc4 Nd5 19. Nb5 Qc6 20. Na3 N7f6 21. Nd3 a6 22. Rfe1 b5 23. Bxd5 Qxd5 24. Qb2 g5 25. Nc5 Rf7 26. e4 fxe4 27. fxe4 Qc6 28. Qb3 Re8 29. Qg3 h6 30. Nb1 Qc7 31. Qh3 1-0

[Event "Istanbul op-A 12th"]
[Site "Istanbul"]
[Date "2013.10.17"]
[Round "8"]
[White "Deniz, Mahir"]
[Black "Sivri, Gorkem"]
[Result "1/2-1/2"]
[WhiteElo "1976"]
[BlackElo "2197"]
[PlyCount "77"]
[EventDate "2013.10.12"]
[EventType "swiss"]
[EventRounds "9"]
[EventCountry "TUR"]
[SourceTitle "EXT 2014"]
[Source "ChessBase"]
[SourceDate "2013.11.20"]
[SourceVersion "1"]
[SourceVersionDate "2013.11.20"]
[SourceQuality "1"]

1. d4 Nf6 2. c4 e6 3. Nc3 Bb4 4. Qc2 0-0 5. a3 Bxc3+ 6. Qxc3 b6 7. Nf3 Ne4 8. Qc2 Bb7 9. e3 f5 10. Bd3 d6 11. 0-0 Rf6 12. Nd2 Rh6 13. f3 Nxd2 14. Qxd2 Nd7 15. Qf2 Rf6 16. Bd2 Qe7 17. Bc3 e5 18. dxe5 Nxe5 19. Be2 Rff8 20. Rfe1 Rae8 21. b3 Qf7 22. Rac1 Re7 23. Rcd1 Kh8 24. Bd3 Qh5 25. Be2 Qg6 26. Kh1 Qe8 27. Rd2 Ng6 28. Bd1 f4 29. Rde2 fxe3 30. Rxe3 Rxe3 31. Qxe3 Qxe3 32. Rxe3 Bc6 33. Bc2 Re8 34. Rxe8+ Bxe8 35. Kg1 Kg8 36. Kf2 a5 37. Ke3 Kf7 38. Bxg6+ Kxg6 39. Ke4 1/2-1/2

[Event "Istanbul op-A 12th"]
[Site "Istanbul"]
[Date "2013.10.16"]
[Round "7"]
[White "Acar, Utku Cengiz"]
[Black "Deniz, Mahir"]
[Result "1/2-1/2"]
[WhiteElo "1704"]
[BlackElo "1976"]
[PlyCount "39"]
[EventDate "2013.10.12"]
[EventType "swiss"]
[EventRounds "9"]
[EventCountry "TUR"]
[SourceTitle "EXT 2014"]
[Source "ChessBase"]
[SourceDate "2013.11.20"]
[SourceVersion "1"]
[SourceVersionDate "2013.11.20"]
[SourceQuality "1"]

1. e4 e6 2. d3 d5 3. Nd2 Nf6 4. Ngf3 Be7 5. g3 dxe4 6. dxe4 c5 7. Bg2 Nc6 8. 0-0 a6 9. e5 Nd7 10. Nc4 0-0 11. Bf4 Qc7 12. a4 Nb6 13. Nd6 Rd8 14. Qe2 Nd5 15. Nc4 Nxf4 16. gxf4 b6 17. Ng5 Bb7 18. c3 Bxg5 19. fxg5 Ne7 20. Bxb7 1/2-1/2

[Event "Istanbul op-A 12th"]
[Site "Istanbul"]
[Date "2013.10.15"]
[Round "5"]
[White "Yurtseven, Melih"]
[Black "Deniz, Mahir"]
[Result "1-0"]
[WhiteElo "2268"]
[BlackElo "1976"]
[PlyCount "73"]
[EventDate "2013.10.12"]
[EventType "swiss"]
[EventRounds "9"]
[EventCountry "TUR"]
[SourceTitle "EXT 2014"]
[Source "ChessBase"]
[SourceDate "2013.11.20"]
[SourceVersion "1"]
[SourceVersionDate "2013.11.20"]
[SourceQuality "1"]

1. e4 e6 2. d4 d5 3. Nd2 dxe4 4. Nxe4 Nd7 5. Bd3 Ngf6 6. Qe2 c5 7. Nxf6+ Nxf6 8. dxc5 Qa5+ 9. c3 Qxc5 10. Nf3 a6 11. 0-0 Be7 12. Bg5 b6 13. Rad1 Bb7 14. Ne5 Rd8 15. Kh1 0-0 16. f4 g6 17. Bxf6 Bxf6 18. Bxa6 Bxe5 19. fxe5 Bxa6 20. Qxa6 Qxe5 21. Qxb6 Rxd1 22. Rxd1 Qe2 23. Qb3 Kg7 24. h3 e5 25. Qd5 Qxb2 26. Qxe5+ Kg8 27. a4 Rc8 28. a5 Qc2 29. Rd7 Qa2 30. Kh2 h5 31. Qf6 Rf8 32. a6 Qa4 33. Rb7 Qe4 34. Re7 Qd5 35. a7 Ra8 36. Rc7 g5 37. c4 1-0

[Event "Gebze op"]
[Site "Gebze"]
[Date "2013.10.04"]
[Round "4"]
[White "Dag, Ferhan"]
[Black "Deniz, Mahir"]
[Result "0-1"]
[WhiteElo "1895"]
[BlackElo "1976"]
[PlyCount "96"]
[EventDate "2013.10.03"]
[EventType "swiss"]
[EventRounds "7"]
[EventCountry "TUR"]
[SourceTitle "CBM 157 Extra"]
[Source "ChessBase"]
[SourceDate "2013.12.19"]
[SourceVersion "1"]
[SourceVersionDate "2013.12.19"]
[SourceQuality "1"]

1. Nf3 d5 2. d4 Nf6 3. c4 c6 4. Nc3 e6 5. e3 Be7 6. Bd3 0-0 7. 0-0 Nbd7 8. Qc2 dxc4 9. Bxc4 b5 10. Bd3 Bb7 11. Rd1 a6 12. h3 Qb6 13. e4 h6 14. Be3 c5 15. Rac1 Rac8 16. Qe2 cxd4 17. Bxd4 Bc5 18. Bb1 Bxd4 19. Nxd4 Ne5 20. b3 Rfd8 21. Nf3 Rxd1+ 22. Qxd1 Nxf3+ 23. gxf3 Rd8 24. Qc2 g6 25. Rd1 e5 26. Ne2 Rxd1+ 27. Qxd1 Qc7 28. Kg2 Bc8 29. Qd2 g5 30. Ng3 Qd7 31. Qxd7 Bxd7 32. Bd3 a5 33. Bf1 Kf8 34. Ne2 Ke7 35. Nc3 b4 36. Nd1 Be6 37. Ne3 Nd7 38. Nc4 Bxc4 39. Bxc4 Nb6 40. Bd3 Kd6 41. Kf1 Kc5 42. Ke2 Kd4 43. Kd2 f6 44. Bb5 Nc8 45. Bd7 Nd6 46. Be6 Nb5 47. Kc2 Nc3 48. Kb2 Nd1+ 0-1

[Event "Antakya op"]
[Site "Antakya"]
[Date "2010.07.16"]
[Round "2"]
[White "Gelashvili, Tamaz"]
[Black "Deniz, Mahir"]
[Result "1-0"]
[WhiteElo "2605"]
[BlackElo "1954"]
[PlyCount "45"]
[EventDate "2010.07.15"]
[EventType "swiss"]
[EventRounds "9"]
[EventCountry "TUR"]
[SourceTitle "CBM 137 Extra"]
[Source "ChessBase"]
[SourceDate "2010.09.01"]
[SourceVersion "1"]
[SourceVersionDate "2010.09.01"]
[SourceQuality "1"]

1. e4 e6 2. b3 d5 3. Bb2 dxe4 4. Nc3 Nf6 5. Qe2 Be7 6. 0-0-0 0-0 7. g4 c5 8. g5 Nd5 9. h4 Nc6 10. Qxe4 f5 11. gxf6 Nxf6 12. Qg2 a6 13. Nf3 Qc7 14. Rg1 Ne8 15. Nd5 exd5 16. Qxg7+ Nxg7 17. Rxg7+ Kh8 18. Rxe7+ d4 19. Rxc7 Rxf3 20. Bg2 Rxf2 21. Bxc6 bxc6 22. Rxc6 Rf5 23. Rg1 1-0